Guía práctica de liturgia /
Guardat en:
| Autor principal: | |
|---|---|
| Altres autors: | , , |
| Format: | Electrònic eBook |
| Idioma: | espanyol anglès |
| Publicat: |
Pamplona, España :
EUNSA, Ediciones Universidad de Navarra,
[2004]
|
| Matèries: | |
| Accés en línia: | Digitalia Hispánica |
| Etiquetes: |
Afegir etiqueta
Sense etiquetes, Sigues el primer a etiquetar aquest registre!
|
MARC
| LEADER | 00000nam a2200000Ii 4500 | ||
|---|---|---|---|
| 001 | DIGEDUNAV0054 | ||
| 003 | NyNyDIG | ||
| 006 | m o d | ||
| 007 | cr ||||||||||| | ||
| 008 | 220607s2004 sp ob 001 0 spa d | ||
| 035 | |a (OCoLC)1333701094 | ||
| 040 | |a DGITA |b eng |e rda |e pn |c DGITA | ||
| 020 | |z 9788431321468 | ||
| 041 | 1 | |a spa |h eng | |
| 050 | 1 | 4 | |a BX1971 ebook |
| 082 | 0 | 4 | |a 264.02 |
| 100 | 1 | |a Elliott, Peter J. |q (Peter John), |d 1943- |e author. | |
| 240 | 1 | 0 | |a Ceremonies of the modern Roman rite. |l Spanish |s (García, Gil, and Bravo) |
| 245 | 1 | 0 | |a Guía práctica de liturgia / |c Peter J. Elliott ; traducción, Carlos García, Israel Gil y Mauricio Bravo. |
| 264 | 1 | |a Pamplona, España : |b EUNSA, Ediciones Universidad de Navarra, |c [2004] | |
| 300 | |a 1 online resource : |b illustrations. | ||
| 336 | |a text |b txt |2 rdacontent | ||
| 337 | |a computer |b c |2 rdamedia | ||
| 338 | |a online resource |b cr |2 rdacarrier | ||
| 347 | |a text file |2 rdaft | ||
| 347 | |b PDF | ||
| 504 | |a Includes bibliographical references and index. | ||
| 588 | 0 | |a Online resource; title from PDF title page (Digitalia, viewed June 7, 2022) | |
| 610 | 2 | 0 | |a Catholic Church |x Liturgy |v Handbooks, manuals, etc. |
| 650 | 0 | |a Mass |v Handbooks, manuals, etc. | |
| 650 | 0 | |a Divine office |v Handbooks, manuals, etc. | |
| 655 | 0 | |a Electronic books. | |
| 700 | 1 | |a García, Carlos |c (Translator), |e translator. | |
| 700 | 1 | |a Gil, Israel |c (Translator), |e translator. | |
| 700 | 1 | |a Bravo, Mauricio |c (Translator), |e translator. | |
| 700 | 1 | |i Translation of: |a Elliott, Peter J. |q (Peter John), |d 1943- |t Ceremonies of the modern Roman rite. | |
| 791 | 2 | |a Digitalia (Firm), |e distributor. | |
| 793 | 0 | |g Digitalia eBook Collection: |a Ediciones Universidad de Navarra | |
| 776 | 0 | 8 | |i Print version: |a Elliott, Peter J. (Peter John), 1943- |s Ceremonies of the modern Roman rite. Spanish (García, Gil, and Bravo). |t Guía práctica de liturgia. |b Cuarta edición, primera reimpresión, 2007. |d Pamplona, España : EUNSA, Ediciones Universidad de Navarra, [2004] |z 9788431321468 |
| 856 | 4 | 0 | |3 Digitalia Hispánica |u https://digitalia.unach.elogim.com/a/51360/ |
| 910 | |a Premium collection: 2022 | ||